| Tag |
First Indicator |
Second Indicator |
Subfields |
| LEADER |
00000cam a2200000 i 4500 |
| 001 |
in00003600613 |
| 005 |
20210430155151.0 |
| 006 |
m o d f |
| 007 |
cr m|||||a|||| |
| 008 |
150910e201508 dcua obt f000 0 eng c |
| 035 |
|
|
|a (OCoLC)ocn920673043
|
| 040 |
|
|
|a GPO
|b eng
|e rda
|e pn
|c GPO
|d GPO
|d MvI
|
| 042 |
|
|
|a pcc
|
| 043 |
|
|
|a n-us---
|
| 049 |
|
|
|a WWW
|
| 074 |
|
|
|a 1051-H-53 (online)
|
| 086 |
0 |
|
|a Y 3.N 88:25-2/7135
|
| 100 |
1 |
|
|a Sullivan, K.
|q (Kenneth),
|d 1950-
|e author.
|
| 245 |
1 |
0 |
|a Compensatory and Alternative Regulatory MEasures for Nuclear power plant FIRE protection (CARMEN-FIRE) /
|c prepared by K. Sullivan.
|
| 246 |
3 |
0 |
|a CARMEN-FIRE
|
| 264 |
|
1 |
|a Washington, D.C. :
|b United States Nuclear Regulatory Commission, Office of Nuclear Regulatory Research,
|c August 2015.
|
| 300 |
|
|
|a 1 online resource (127 unnumbered pages) :
|b color illustrations
|
| 336 |
|
|
|a text
|2 rdacontent
|
| 337 |
|
|
|a computer
|2 rdamedia
|
| 338 |
|
|
|a online resource
|2 rdacarrier
|
| 500 |
|
|
|a Title from title screen (viewed on Sept. 9, 2015).
|
| 500 |
|
|
|a "August 2015."
|
| 500 |
|
|
|a "NUREG/CR-7135."
|
| 500 |
|
|
|a "BNL-NUREG-104309-2014."
|
| 504 |
|
|
|a Includes bibliographical references (pages 53-58).
|
| 650 |
|
0 |
|a Nuclear power plants
|x Fires and fire prevention.
|
| 650 |
|
0 |
|a Nuclear facilities
|x Fires and fire prevention.
|
| 710 |
2 |
|
|a U.S. Nuclear Regulatory Commission.
|b Office of Nuclear Regulatory Research,
|e issuing body.
|
| 710 |
2 |
|
|a Brookhaven National Laboratory,
|e issuing body.
|
| 776 |
0 |
8 |
|i Print version:
|a Sullivan, K.
|t Compensatory and Alternative Regulatory MEasures for Nuclear power plant FIRE protection (CARMEN-FIRE)
|w (OCoLC)920672941
|
| 856 |
4 |
0 |
|u https://purl.fdlp.gov/GPO/gpo60666
|t 0
|
| 856 |
4 |
0 |
|u http://purl.fdlp.gov/GPO/gpo60666
|t 0
|
| 999 |
f |
f |
|s 1a1fb378-d2c3-3d18-8542-2d3489952283
|i 370916d4-410c-3c77-97d4-1c64efc73fc2
|t 0
|
| 952 |
f |
f |
|a Texas A&M University
|b College Station
|c Electronic Resources
|d Available Online
|t 0
|e Y 3.N 88:25-2/7135
|h Superintendent of Documents classification
|
| 998 |
f |
f |
|a Y 3.N 88:25-2/7135
|t 0
|l Available Online
|